书目信息 |
| 题名: |
商场.橱窗展示设计(1)
|
|
| 作者: | 陈孝生 选编 | |
| 分册: | ||
| 出版信息: | 福州 福建科学技术出版社 1995.08 |
|
| 页数: | 120页 | |
| 开本: | 16开 | |
| 丛书名: | ||
| 单 册: | ||
| 中图分类: | TU247.2 | |
| 科图分类: | ||
| 主题词: | 民用建筑--建筑设计 | |
| 电子资源: | ||
| ISBN: | 7-5335-0714-2 | |
| 000 | 00565nam0 2200181 45 | |
| 001 | 0007271071 | |
| 005 | 20000727104806.3 | |
| 010 | @a7-5335-0714-2@dRMB 43.00 | |
| 100 | @a20000727d1995 km y0chiy0120 ea | |
| 101 | 0 | @achi |
| 200 | 1 | @a商场.橱窗展示设计(1)@AShang Chang.Chu Chuang Zhan Shi She Ji(1)@f陈孝生 选编@FChen Xiao Sheng Xuan Bian |
| 210 | @a福州@c福建科学技术出版社@d1995.08 | |
| 215 | @a120页@d16开 | |
| 606 | 0 | @a民用建筑@x建筑设计 |
| 690 | @aTU247.2@v3 | |
| 701 | 0 | @a陈孝生@4选编 |
| 801 | @aCN@bPftUser@c20000727 | |
| 905 | @b80448-457@dTU247.2@eCH798@f10 | |
| 商场.橱窗展示设计(1)/陈孝生 选编.-福州:福建科学技术出版社,1995.08 |
| 120页;16开 |
| ISBN 7-5335-0714-2:RMB 43.00 |
| ● |
| 相关链接 |
|
|
|
正题名:商场·橱窗展示设计(1)
索取号:TU247.2/CH798
 
预约/预借
| 序号 | 登录号 | 条形码 | 馆藏地/架位号 | 状态 | 备注 |
| 1 | 367812 | 203678127 | 自科二线404/404自科库 12排1列5层/ [索取号:TU247.2/CH798] | 在馆 | |
| 2 | 367813 | 203678136 | 自科二线404/404自科库 13排5列4层/ [索取号:TU247.2/CH798] | 在馆 | |
| 3 | 80448 | 200804488 | 自科二线404/404自科库 12排1列5层/ [索取号:TU247.2/CH798] | 在馆 | |
| 4 | 80449 | 200804497 | 自科二线404/404自科库 13排5列4层/ [索取号:TU247.2/CH798] | 在馆 | |
| 5 | 80450 | 200804503 | 建筑库101/101建筑库 107排3列4层/ [索取号:TU247.2/CH798] | 在馆 | |
| 6 | 80451 | 200804512 | 建筑库101/101建筑库 107排3列4层/ [索取号:TU247.2/CH798] | 在馆 | |
| 7 | 80452 | 200804521 | 自科二线404/404自科库 12排1列5层/ [索取号:TU247.2/CH798] | 在馆 | |
| 8 | 80453 | 200804530 | 自科二线404/404自科库 13排5列4层/ [索取号:TU247.2/CH798] | 在馆 | |
| 9 | 80454 | 200804549 | 自科二线404/404自科库 12排1列5层/ [索取号:TU247.2/CH798] | 在馆 | |
| 10 | 80455 | 200804558 | 自科二线404/404自科库 12排1列5层/ [索取号:TU247.2/CH798] | 在馆 | |
| 11 | 80456 | 200804567 | 自科二线404/404自科库 12排1列5层/ [索取号:TU247.2/CH798] | 在馆 | |
| 12 | 80457 | 200804576 | 自科二线404/404自科库 12排1列5层/ [索取号:TU247.2/CH798] | 在馆 |